Inauguration of Richard Anderson Harvill as President of the University. (Record no. 82704)

MARC details
000 -LEADER
campo de control de longitud fija 00597nam a2200169 i 4500
001 - NÚMERO DE CONTROL
campo de control 82704
003 - IDENTIFICADOR DE NÚMERO DE CONTROL
campo de control ES-MaACL
005 - FECHA Y HORA DE LA ÚLTIMA TRANSACCIÓN
campo de control 20230906174723.0
007 - CAMPO FIJO DE DESCRIPCIÓN FÍSICA--INFORMACIÓN GENERAL
campo de control de longitud fija t|
008 - DATOS DE LONGITUD FIJA--INFORMACIÓN GENERAL
campo de control de longitud fija 041111s1955 xxk ||||1| eng d
245 00 - MENCIÓN DEL TÍTULO
Título Inauguration of Richard Anderson Harvill as President of the University.
260 ## - PUBLICACIÓN, DISTRIBUCIÓN, ETC.
Lugar de publicación, distribución, etc. Tucson (Arizona :
Nombre del editor, distribuidor, etc. University of Arizona,
Fecha de publicación, distribución, etc. [1955]
300 ## - DESCRIPCIÓN FÍSICA
Extensión 76 p., 3 lám. :
Otras características físicas il. ;
Dimensiones 23 cm.
500 ## - NOTA GENERAL
Nota general Es separata de: University of Arizona Bulletin. Nº 17, V. XXVI-Nº 4, June 1955.
710 2# - ENTRADA AGREGADA--NOMBRE DE ENTIDAD CORPORATIVA
Nombre de entidad corporativa o nombre de jurisdicción como elemento de entrada University of Arizona (
Sede del congreso/Lugar de la reunión Tucson)
9 (RLIN) 7500
852 ## - LOCALIZACIÓN
Ubicación ES-MaACL
Número de control de estantería 1994-F-12
Sublocalización o colección R.39244
Holdings
Estatus retirado Estado de pérdida Estado de daño No para préstamo Colección Biblioteca de origen Biblioteca actual Ubicación en estantería Fecha de adquisición Fuente de adquisición Total de préstamos Signatura topográfica completa Código de barras Visto por última vez Precio de reemplazo Tipo de ítem Koha
        Colección de folletos Biblioteca del Ateneo de Madrid Biblioteca del Ateneo de Madrid Depósito folletos 17/01/2008     1994-F-12 1086435 23/02/2023 23/02/2023 Folleto